Obiekty z "listy UNESCO" w Polsce - Statystyki

Ogólne statystyki
  • Ten quiz został rozwiązany 97 razy
  • Średni wynik to 8 z 16
Statystyki odpowiedzi
podpowiedzi odpowiedzi % Poprawnych
najstarszy obszar Krakowa Stare Miasto w Krakowie
81%
leży na pograniczu polsko-białoruskim Puszcza Białowieska
80%
Jest tam zamek Królewski Stare Miasto w Warszawie
80%
zespół niemieckich nazistowskich obozów koncentracyjnych i obozu zagłady Auschwitz-Birkenau
77%
hala widowiskowo-sportowa we Wrocławiu Hala Stulecia we Wrocławiu
70%
park w Polsce i w Niemczech, zajmujący 728 ha powierzchni po obu stronach rzeki Nysy Łużyckiej Park Mużakowski
70%
położony jest na północy Polski Stanowi najpełniejszy i najbardziej złożony przykład gotyckiego zespołu zamkowego z cegły Zamek krzyżacki w Malborku
61%
Szachownicowa siatka ulic w której przewidziano „dzielnice” dla osadników różnych narodowości, zwłaszcza Ormian i Żydów Stare Miasto w Zamościu
51%
miasto w południowej Polsce, w województwie małopolskim, w powiecie wadowickim, siedziba gminy miejsko-wiejskiej Kalwaria Zebrzydowska
49%
grupa cennych historycznie i ciekawych architektonicznie kościołów najczęściej konstrukcji zrębowe Drewniane kościoły południowej Małopolski
39%
najstarsza część Torunia, składająca się ze Starego Miasta Średniowieczny zespół miejski Torunia
38%
największa drewniana barokowa świątynia w Europie, zabytkowy budynek sakralny wybudowany na mocy porozumień traktatu westfalskiego zawartego w 1648 i kończącego wojnę trzydziestoletnią Kościoły Pokoju w Jaworze i Świdnicy
36%
jedne z najstarszych kopalni soli kamiennej na świecie i najdłużej czynne zakłady przemysłowe Królewskie Kopalnie Soli w Wieliczce i Bochni
23%
grupa cennych historycznie i ciekawych architektonicznie drewnianych cerkwi Drewniane cerkwie w polskim i ukraińskim regionie Karpat
17%
znajduje się na północno-wschodnim skraju Gór Świętokrzyskich w centralnej Polsce po obu stronach rzeki Kamiennej Krzemionkowski region pradziejowego górnictwa krzemienia pasiastego
12%
Usytuowane jest ono w południowej części Polski, na terenie województwa śląskiego. Obszar dobra znajduje się w granicach gmin Tarnowskie Góry, Bytom i Zbrosławice. Kopalnia rud ołowiu srebra i cynku w Tarnowskich Górach oraz system gospodarowania wodami podziemnymi
7%
Nie znaleziono quizów pasujących do podanych kryteriów
Rozkład punktacji
Procent ludzi z każdym wynikiem
Percentyl według liczby udzielonych odpowiedzi
Twoja historia wyników
Nie rozwiązałeś tego quizu